MARC

LEADER 00000nam0a2200000 4500
001 27656
005 20231030202254.0
010 |a 5896920237 
035 |a (RuTPU)RU\TPU\book\27909 
035 |a BOOK00027984 
090 |a 27656 
100 |a 20011209d1999 k y0rusy50 ca 
101 1 |a rus 
102 |a RU 
105 |a y z 000zy 
200 1 |a Анализ личности  |f В. Райх 
210 |a Москва  |c КСП  |d 1999 
210 |a СПб.  |c Ювента 
215 |a 333 с. 
225 1 |a Теории личности 
610 1 |a психология 
610 1 |a психоанализ 
610 1 |a личность 
610 1 |a характер 
610 1 |a оргонная геофизика 
686 |a Ю937  |v LBC/SL-A  |2 rubbk 
700 1 |a Райх  |b В.  |g Вильгельм 
801 0 |a RU  |b 63413507  |c 20011209  |g PSBO 
801 2 |a RU  |b 63413507  |c 20120316  |g PSBO 
942 |c BK